International Journal of Manpower <an> Interdisciplinary Journal on Human Resources, Management & Labour Economics

Salvato in:
Dettagli Bibliografici
Natura: Periodico
Lingua:inglese
Pubblicazione: Bingley Emerald Group Publishing
Tags: Aggiungi Tag
Nessun Tag, puoi essere il primo ad aggiungerne!!

MARC

LEADER 00000nls a2200000 4500
001 0250883
005 20250701092104.1
022 |a 1758-6577 
022 |a 0143-7720 
041 0 |a eng 
044 |a GB 
245 1 0 |a International Journal of Manpower  |b <an> Interdisciplinary Journal on Human Resources, Management & Labour Economics 
264 1 |a Bingley  |b Emerald Group Publishing